00496nam a22001697a 450000500170000001000150001702000260003203500140005803700130007208200140008510000160009924500600011526000390017527000570021430000280027150000270029920190128115621.0 aENG-124655 a9789350578056c250.00 aEN-108187 bDBAD/PUB a686.22544 aBittu Kumar aBasics of designing desktop publishing/cby Bittu Kumar aNew Delhi bV & S Publishersc2017 aF-2/16, Ansari Road, Daryaganj,bNew Delhi e110002 a97p. c25cm.(pbk)bill. aIt includes conclusion